000 00466nam a22001817a 4500
003 koha_MIRAKIL
005 20231213100042.0
008 231213b |||||||| |||| 00| 0 ||| d
040 _aTR-IsEVY
_btur
_cTR-IsEVY
082 _a500 MIL/B
100 _aMiller, Ben.
245 0 _aBilim aslında çok eğlencelidir
260 _bNTV Yayınları,
_c2012
300 _a272 p.
650 _aBilim -- Felsefe.
650 _aScience -- Philosophy.
942 _2ddc
_cBK
999 _c13724
_d13724